000 01162nam a2200253Ia 4500
999 _c38617
_d38617
001 4797
003 GE_BSU
005 20190814140250.0
008 181216s2010||||ge |||||||||||||| ||geo||
020 _a9789941421075
040 _cGE_BSU
041 _ageo
080 _a94(393) + 94(479.22) + 271.22 ბ-30
100 _aბატიაშვილი (დარეჯანაშვილი), ზურაბ
_93584
245 _aკაპადოკია /
_cზურაბ ბატიაშვილი (დარეჯანაშვილი) ; მთ. რედ. რ. მეტრეველი ; სერიის სარედ საბჭო : ბუბა კუდავა და სხვ.
264 _aთბილისი :
_bარტანუჯი ;
_c2010.
300 _a108 გვ. :
_bილ. ;
_c20 სმ.
490 _aსამხრეთ კავკასია და ანატოლია
_v6
541 _h7ლ.50თ.
653 _aკაპადოკია
653 _aისტორია
700 _aმეტრეველი, რ.
_eმთ. რედაქტორი
_93585
942 _cBK
_2udc